| 000 | 01295cam a22002651i 4500 | ||
|---|---|---|---|
| 003 | SA-RiAUC | ||
| 005 | 20250617072603.0 | ||
| 008 | 250616q19001999||| g 000r0 ara c | ||
| 040 |
_aSA-TaTUL _bara _cSA-RiAUC _erda |
||
| 082 | 0 | 4 | _a237.3 |
| 090 |
_a237.3 _b ت ر ك |
||
| 100 | 1 |
_aالتركي، عبد الله بن عبد المحسن، _d1359 هجري- _eمؤلف. |
|
| 245 | 1 | 0 |
_aفضل الذكر وفوائده وأنواعه وأذكار منتقاه : _bمقتبس من كتاب الوابل الصيب من الكلم الطيب للإمام ابن القيم / _cاعتنى به عبد الله بن عبد المحسن التركي. |
| 264 | 1 |
_a[مكان النشر غير محدد] : _b[الناشر غير محدد]، _c[بين 1900 و1999] |
|
| 300 |
_a64 صفحة ؛ _c16 سم |
||
| 336 |
_aنص _btxt _2rdacontent _3كتاب |
||
| 337 |
_aبدون وسيط _bn _2rdamedia |
||
| 338 |
_aمجلد _bnc _2rdacarrier |
||
| 650 | 7 |
_aالذكر (تصوف إسلامي) _2aucsh |
|
| 650 | 7 |
_aالأدعية والأوراد _2aucsh |
|
| 700 | 1 | 2 |
_aابن قيم الجوزية، محمد بن أبي بكر بن أيوب، _d691-751 هجري |
| 740 | 2 | 2 | _aالوابل الصيب من الكلم الطيب. |
| 942 |
_2ddc _cBOOK _n0 |
||
| 949 |
_aSA-JeALM _d250616 _umohamedma123 _n1 |
||
| 999 |
_c9079 _d9079 |
||